[Event "Tournoi d'Hiver de Plaisance du Touch"]
[Site "?"]
[Date "2024.01.07"]
[Round "6.4"]
[White "Mendi, Eduardo"]
[Black "Anfosso, Laurent"]
[Result "0-1"]
[WhiteElo "1572"]
[BlackElo "1542"]
[PlyCount "63"]
[SourceVersionDate "2024.01.21"]

1. d4 Nf6 2. c4 g6 3. Nc3 Bg7 4. e4 d6 5. Be2 O-O 6. Nf3 e5 7. d5 c6 8. O-O Nh5
9. Be3 Nf4 10. Qd2 Nxe2+ 11. Nxe2 f5 12. Bg5 Bf6 13. Bxf6 Qxf6 14. exf5 gxf5
15. Qg5+ Qxg5 16. Nxg5 cxd5 17. cxd5 h6 18. Nf3 Bd7 19. Rac1 Na6 20. Nc3 Kf7
21. Nd2 Rg8 22. Rfe1 Nc5 23. Red1 Nd3 24. Rc2 Nf4 25. g3 Nh3+ 26. Kf1 h5 27.
Nf3 Rac8 28. Rdc1 Rc5 29. Nh4 Rgc8 30. Ke1 a5 31. f3 b5 32. b4 0-1

[Event "Tournoi d'Hiver de Plaisance du Touch"]
[Site "?"]
[Date "2024.01.07"]
[Round "6.5"]
[White "Charruyer, Baptiste"]
[Black "Nassar, Christophe"]
[Result "1/2-1/2"]
[WhiteElo "1376"]
[BlackElo "1635"]
[PlyCount "68"]
[SourceVersionDate "2024.01.21"]

1. d4 d5 2. c4 e5 3. dxe5 d4 4. Nf3 Nc6 5. a3 a5 6. e3 Bg4 7. e6 fxe6 8. Be2
dxe3 9. Qxd8+ Rxd8 10. Bxe3 Bxf3 11. Bxf3 Ne5 12. Nd2 Nd3+ 13. Ke2 b6 14. b3
Bc5 15. Bc6+ Kf7 16. Be4 Bxe3 17. Bxd3 Bxd2 18. Kxd2 Nf6 19. f3 Rd6 20. Ke2
Rhd8 21. Rad1 Nd7 22. Bc2 Nb8 23. Rxd6 Rxd6 24. Rd1 Rxd1 25. Bxd1 c5 26. Kd3
Nc6 27. f4 Kf6 28. g4 h6 29. h4 g5 30. fxg5+ hxg5 31. h5 Ke5 32. Ke3 Kf6 33.
Ke4 Nd4 34. a4 Nc6 1/2-1/2

[Event "Tournoi d'Hiver de Plaisance du Touch"]
[Site "?"]
[Date "2024.01.07"]
[Round "6.6"]
[White "Le Bars, Lucien"]
[Black "Uribe, Tunweya"]
[Result "1-0"]
[WhiteElo "1530"]
[BlackElo "1256"]
[PlyCount "55"]
[SourceVersionDate "2024.01.21"]

1. d4 d5 2. Bf4 Nf6 3. Nf3 c5 4. c3 Nc6 5. e3 Qb6 6. Na3 a6 7. Qb3 Qxb3 8. axb3
e6 9. Bd3 Be7 10. h4 O-O 11. h5 Bd7 12. h6 g6 13. Nb1 b5 14. dxc5 Bxc5 15. b4
Bb6 16. Nbd2 Rfe8 17. Bg5 Ng4 18. Bc2 Nge5 19. Bf4 Nxf3+ 20. Nxf3 e5 21. Bg3 f5
22. O-O e4 23. Ng5 Rec8 24. Bb3 Ne7 25. Bd6 Re8 26. Bxe7 Rxe7 27. Bxd5+ Kf8 28.
Bxa8 1-0

[Event "Tournoi d'Hiver de Plaisance du Touch"]
[Site "?"]
[Date "2024.01.07"]
[Round "6.7"]
[White "Despaux, Axel"]
[Black "Varniol, Pascal"]
[Result "1-0"]
[WhiteElo "1442"]
[BlackElo "1090"]
[PlyCount "71"]
[SourceVersionDate "2024.01.21"]

1. e4 c5 2. Nc3 e6 3. f4 d5 4. Bb5+ Bd7 5. Bxd7+ Nxd7 6. exd5 exd5 7. Qe2+ Qe7
8. Nxd5 Qxe2+ 9. Nxe2 O-O-O 10. O-O Bd6 11. b3 h5 12. Bb2 Ngf6 13. Nec3 a6 14.
Rae1 h4 15. Ne4 Ne8 16. Bxg7 Nxg7 17. Nxd6+ Kb8 18. Nxf7 h3 19. Nxh8 Rxh8 20.
Re7 hxg2 21. Kxg2 Rg8 22. Rxd7 Nf5+ 23. Kf2 Nd4 24. c3 Nc6 25. Ne7 Nxe7 26.
Rxe7 Rd8 27. Ke3 Rh8 28. f5 Kc8 29. f6 Kd8 30. Rf5 b5 31. Rd5+ Kc8 32. f7 Rh3+
33. Ke2 Rxh2+ 34. Kd1 Rh1+ 35. Kc2 Rh8 36. Re8+ 1-0

[Event "Tournoi d'Hiver de Plaisance du Touch"]
[Site "?"]
[Date "2024.01.07"]
[Round "6.8"]
[White "Morales, Maxime"]
[Black "Fontaine, Thomas"]
[Result "0-1"]
[WhiteElo "1286"]
[BlackElo "1440"]
[PlyCount "77"]
[SourceVersionDate "2024.01.23"]

1. d4 d5 2. Nf3 c5 3. e3 Nf6 4. b3 cxd4 5. exd4 e6 6. Bb2 Nc6 7. Bd3 a6 8. Nbd2
Nb4 9. Be2 Bd6 10. a3 Nc6 11. O-O b5 12. Ne5 Qc7 13. f4 Nd7 14. Nxc6 Qxc6 15.
Rc1 b4 16. a4 a5 17. Bb5 Qc7 18. Qg4 O-O 19. c3 Nf6 20. Qh4 bxc3 21. Rxc3 Qe7
22. Rg3 Rd8 23. Qg5 g6 24. Re1 Kh8 25. Bd3 Nh5 26. Qxe7 Bxe7 27. Rf3 Ba6 28.
Bxa6 Rxa6 29. Rc1 Ra7 30. g3 Bb4 31. Nb1 Nf6 32. Ba3 Bxa3 33. Nxa3 Ne4 34. Nb5
Rb7 35. Rc6 Rbb8 36. Rc7 Kg8 37. Ra7 Ra8 38. Rc7 Rdc8 39. Rd3 0-1

[Event "Tournoi d'Hiver de Plaisance du Touch"]
[Site "?"]
[Date "2024.01.07"]
[Round "6.9"]
[White "Estadieu, Bruno"]
[Black "Labarbe, Gabriel"]
[Result "1-0"]
[WhiteElo "1430"]
[BlackElo "1009"]
[PlyCount "81"]
[SourceVersionDate "2024.01.23"]

{[%evp 0,11,26,-54,-68,-73,30,32,56,59,71,86,133,-188]} 1. b4 e5 2. Bb2 Nc6 3.
b5 Nd4 4. e3 Nf5 5. Bxe5 Bd6 6. Bxg7 Nxg7 7. Qg4 Ne6 8. Bc4 Nf6 9. Qf3 Qe7 10.
Nc3 Nd4 11. Qd1 b6 12. Nd5 Nxd5 13. Bxd5 Rb8 14. a4 Bb7 15. Bxb7 Rxb7 16. c3
Nf5 17. Qf3 Nxe3 18. Qxe3 Qxe3+ 19. fxe3 Rg8 20. g3 Rg6 21. Nf3 Rh6 22. Kf2 Rb8
23. a5 bxa5 24. Rxa5 Bc5 25. Rha1 c6 26. bxc6 Rxc6 27. Ke2 Bb6 28. Rh5 Bc5 29.
Rxh7 Rb2 30. Rh5 Bb6 31. Kd3 Rd6+ 32. Nd4 Bxd4 33. exd4 a6 34. Re5+ Kd8 35. h4
Rb5 36. Rxb5 axb5 37. g4 Rh6 38. h5 Kc7 39. Ra7+ Kc6 40. Ra6+ Kd5 41. Rxh6 1-0

[Event "Tournoi d'Hiver de Plaisance du Touch"]
[Site "?"]
[Date "2024.01.07"]
[Round "6.10"]
[White "Crozes, Pierre"]
[Black "Despaux, Denis"]
[Result "1-0"]
[WhiteElo "1246"]
[BlackElo "1133"]
[PlyCount "79"]
[SourceVersionDate "2024.01.23"]

1. e4 e5 2. d4 exd4 3. Qxd4 Nc6 4. Qe3 Nf6 5. Nc3 Nb4 6. Bd3 d6 7. h3 Be7 8.
Bd2 Be6 9. a3 Nxd3+ 10. Qxd3 d5 11. e5 Nd7 12. Qg3 Rg8 13. Nge2 Nc5 14. f4 d4
15. Nb5 Ne4 16. Qd3 Nxd2 17. Qxd2 c5 18. a4 Qb6 19. O-O-O O-O-O 20. Rhf1 Bc4
21. Na3 Ba6 22. Rf3 Rd7 23. Rb3 Qc6 24. Nb5 Kb8 25. g4 Qg2 26. Rg1 Qe4 27. Ng3
Qc6 28. Nf5 c4 29. Nxe7 Rxe7 30. Nxd4 Qc5 31. Re3 Rd8 32. Nc6+ Kc7 33. Nxd8 Rd7
34. Nxb7 Bxb7 35. Qe2 Be4 36. Rd1 Rxd1+ 37. Kxd1 Qd4+ 38. Qd2 Qxb2 39. Rxe4 c3
40. Qd6+ 1-0

[Event "Tournoi d'Hiver de Plaisance du Touch"]
[Site "?"]
[Date "2024.01.07"]
[Round "6.11"]
[White "Gherardi, Luca"]
[Black "Andhin, Chethanah"]
[Result "0-1"]
[WhiteElo "1418"]
[BlackElo "1370"]
[PlyCount "28"]
[SourceVersionDate "2024.01.23"]

1. d4 e6 2. c4 d5 3. Nf3 c5 4. cxd5 exd5 5. Nc3 Nf6 6. g3 Nc6 7. Bg2 c4 8. Ne5
Bb4 9. Nxc6 bxc6 10. Qa4 Bxc3+ 11. bxc3 Bd7 12. Ba3 c5 13. Qc2 cxd4 14. cxd4
Qa5+ 0-1

[Event "Tournoi d'Hiver de Plaisance du Touch"]
[Site "?"]
[Date "2024.01.07"]
[Round "6.12"]
[White "Posocco, Marc"]
[Black "Lorin, Ethan"]
[Result "1/2-1/2"]
[WhiteElo "1150"]
[BlackElo "1218"]
[PlyCount "37"]
[SourceVersionDate "2024.01.23"]

{[%evp 0,26,28,28,20,10,31,43,45,70,79,85,85,36,103,113,101,76,65,26,44,21,52,
42,30,26,40,31,11]} 1. d4 Nf6 2. c4 c5 3. d5 e6 4. Nc3 exd5 5. cxd5 d6 6. Bf4
g6 7. Nf3 Bg7 8. e3 O-O 9. Bc4 a6 10. a4 Qe7 11. O-O Nbd7 12. a5 b6 13. axb6
Nxb6 14. Ba2 Bb7 15. Re1 Rad8 16. e4 Nfd7 17. Qd2 Rfe8 18. Bh6 Bh8 19. Bg5
1/2-1/2

[Event "Tournoi d'Hiver de Plaisance du Touch"]
[Site "?"]
[Date "2024.01.07"]
[Round "6.13"]
[White "Docimo, Andrea"]
[Black "Mora, Jean Sebastien"]
[Result "1/2-1/2"]
[WhiteElo "1117"]
[BlackElo "1455"]
[PlyCount "67"]
[SourceVersionDate "2024.01.24"]

1. e4 d5 2. exd5 Nf6 3. c4 c6 4. dxc6 Nxc6 5. Nf3 e5 6. d3 Bc5 7. Nc3 Ng4 8.
Ne4 Bb4+ 9. Bd2 f5 10. Bxb4 Nxb4 11. Qa4+ Nc6 12. Ned2 Qb6 13. O-O-O Nxf2 14.
Re1 O-O 15. Rg1 Re8 16. d4 e4 17. c5 Qb4 18. Qxb4 Nxb4 19. Ne5 Nxa2+ 20. Kb1
Be6 21. Ndc4 Nb4 22. Nd6 Re7 23. Re3 Nc6 24. Nxc6 bxc6 25. Bc4 Ng4 26. Bxe6+
Rxe6 27. Rb3 f4 28. Re1 Ne3 29. g3 Ng2 30. Rxe4 Rxe4 31. Nxe4 Re8 32. Nd6 Rf8
33. gxf4 Nxf4 34. Rb7 1/2-1/2

[Event "Tournoi d'Hiver de Plaisance du Touch"]
[Site "?"]
[Date "2024.01.07"]
[Round "6.14"]
[White "Pierre, Philippe"]
[Black "Aurejac, Pierre"]
[Result "0-1"]
[WhiteElo "1099"]
[BlackElo "1420"]
[PlyCount "46"]
[SourceVersionDate "2024.01.24"]

1. d4 Nf6 2. Bf4 d5 3. e3 e6 4. Nd2 Bd6 5. Bg3 O-O 6. c3 c5 7. Ngf3 Nc6 8. Bd3
c4 9. Bb1 Be7 10. Qc2 Re8 11. Bh4 g6 12. Bxf6 Bxf6 13. h4 Bg7 14. h5 Rf8 15.
hxg6 fxg6 16. Ng5 Qxg5 17. Nf3 Qxg2 18. Rxh7 Kxh7 19. Nh4 Qh1+ 20. Ke2 Qxh4 21.
Qxg6+ Kg8 22. Bc2 Rxf2+ 23. Kd1 Qh1+ 0-1

[Event "Tournoi d'Hiver de Plaisance du Touch"]
[Site "?"]
[Date "2024.01.07"]
[Round "6.15"]
[White "Grimault, Stephanie"]
[Black "Pierre, Olivier"]
[Result "1-0"]
[WhiteElo "1201"]
[BlackElo "1099"]
[PlyCount "109"]
[SourceVersionDate "2024.01.24"]

1. c4 e5 2. Nc3 Nf6 3. Nf3 d6 4. g3 Nc6 5. Bg2 Be6 6. O-O Be7 7. d3 O-O 8. Qb3
Na5 9. Qc2 c5 10. a3 Qb6 11. Rb1 Nc6 12. Be3 a5 13. Nb5 Rac8 14. Qd2 Ng4 15.
Rfd1 Nxe3 16. Qxe3 h6 17. b4 a4 18. bxc5 dxc5 19. Nd6 Qc7 20. Nxc8 Rxc8 21. Rb2
Rd8 22. Rdb1 Rb8 23. Ne1 Bd7 24. Bd5 Be6 25. Bxc6 Qxc6 26. Nf3 f6 27. Qe4 Qxe4
28. dxe4 Bc8 29. Nh4 Kf7 30. Nf5 Bd8 31. Nd6+ Ke7 32. Nxc8+ Rxc8 33. Rxb7+ Kf8
34. Rb8 Rxb8 35. Rxb8 Ke7 36. e3 Bc7 37. Rb7 Kd6 38. f4 Kc6 39. Rb5 Kd6 40. g4
g5 41. f5 Kc6 42. Kf2 Kd6 43. Kg3 Bd8 44. h4 Bc7 45. Rb7 Kc6 46. Rb1 Bd6 47.
Rh1 Bf8 48. hxg5 fxg5 49. Rf1 Kd6 50. Rd1+ Kc6 51. f6 Kc7 52. Rd5 Bd6 53. f7
Kc6 54. Rxd6+ Kxd6 55. f8=Q+ 1-0

[Event "Tournoi d'Hiver de Plaisance du Touch"]
[Site "?"]
[Date "2024.01.07"]
[Round "6.16"]
[White "Varniol, Valentin"]
[Black "Bordarie, Guilhem"]
[Result "1-0"]
[WhiteElo "1109"]
[BlackElo "1199"]
[PlyCount "46"]
[SourceVersionDate "2024.01.24"]

1. e4 c5 2. Bc4 Nf6 3. Nc3 d6 4. Nf3 e6 5. d3 b6 6. Bg5 h6 7. Bxf6 Qxf6 8. Nd5
exd5 9. Bxd5 Qg6 10. Nh4 Be7 11. Nxg6 fxg6 12. Bxa8 O-O 13. Bd5+ Kh8 14. Qd2
Bg5 15. Qc3 Nd7 16. g3 Ne5 17. f4 Nf3+ 18. Ke2 Nd4+ 19. Kd1 Bg4+ 20. Kd2 Bf6
21. Qc4 Nf3+ 22. Kc1 Nd4 23. h3 Bf3 1-0

[Event "Tournoi d'Hiver de Plaisance du Touch"]
[Site "?"]
[Date "2024.01.07"]
[Round "6.17"]
[White "Fanals, Sylvain"]
[Black "Vardanyan, Helene"]
[Result "1-0"]
[WhiteElo "1199"]
[BlackElo "1157"]
[PlyCount "71"]
[SourceVersionDate "2024.01.24"]

1. e4 e5 2. Bc4 Bc5 3. Qh5 Qf6 4. Nf3 Nc6 5. d3 g6 6. Qg5 d6 7. Qxf6 Nxf6 8.
Bh6 Bg4 9. Ng5 Nd8 10. Bg7 Rg8 11. Bxf6 Be6 12. Bxd8 Bxc4 13. Bxc7 Bb5 14. Nxh7
Rh8 15. Nf6+ Ke7 16. Nd5+ Kd7 17. Ba5 Bc6 18. Nbc3 f5 19. Bb4 Bxb4 20. Nxb4
Raf8 21. O-O f4 22. Nxc6 bxc6 23. Ne2 g5 24. f3 Rh7 25. d4 Rg8 26. dxe5 dxe5
27. Rad1+ Kc7 28. Rd3 g4 29. Ra3 a6 30. Rxa6 Kb7 31. Ra5 Rhg7 32. g3 fxg3 33.
Nxg3 gxf3 34. Rxf3 Rd8 35. Rd3 Rxd3 36. cxd3 1-0

[Event "Tournoi d'Hiver de Plaisance du Touch"]
[Site "?"]
[Date "2024.01.07"]
[Round "6.18"]
[White "Vardanyan, Gayane"]
[Black "Bertin, Guillaume"]
[Result "1-0"]
[WhiteElo "1009"]
[BlackElo "1199"]
[PlyCount "59"]
[SourceVersionDate "2024.01.24"]

1. e4 e5 2. Nf3 Nc6 3. Nc3 Nf6 4. Bb5 Bc5 5. O-O d6 6. Nd5 Nxd5 7. exd5 a6 8.
Bxc6+ bxc6 9. dxc6 Qf6 10. Re1 Qg6 11. g3 Bg4 12. d3 O-O 13. Be3 Bxe3 14. Rxe3
Rfe8 15. Qe2 Rab8 16. d4 e4 17. Re1 h5 18. Nh4 Qg5 19. Qxa6 Rb6 20. Qc4 Rxb2
21. Rxe4 Rxe4 22. Rxe4 Qc1+ 23. Kg2 Rxc2 24. Re8+ Kh7 25. Qd3+ g6 26. Qe4 Rxc6
27. Qd5 Be6 28. Qf3 Bd7 29. Qxf7+ Kh6 30. Qxg6# 1-0

[Event "Tournoi d'Hiver de Plaisance du Touch"]
[Site "?"]
[Date "2024.01.07"]
[Round "6.19"]
[White "Degrave-Nicolas, Isabelle"]
[Black "Reinagel, Christine"]
[Result "0-1"]
[WhiteElo "1199"]
[BlackElo "1110"]
[PlyCount "80"]
[SourceVersionDate "2024.01.24"]

{[%evp 0,16,33,24,18,20,23,20,26,26,31,3,37,19,68,65,75,64,113]} 1. d4 d5 2.
Bf4 e6 3. Nc3 Bb4 4. e3 Nf6 5. Bb5+ c6 6. Bd3 Ne4 7. Bxe4 dxe4 8. Nge2 O-O 9.
O-O Bd6 10. Nxe4 Bxf4 11. Nxf4 b5 12. c3 Nd7 13. Re1 Bb7 14. b4 Rb8 15. Qd2 Nf6
16. Qd3 Nxe4 17. Qxe4 c5 18. Qd3 c4 19. Qe2 Qg5 20. g3 e5 21. Ng2 exd4 22. exd4
Qd5 23. f3 Qc6 24. Rad1 Rfe8 25. Ne3 h6 26. d5 Qf6 27. Qc2 Qxf3 28. Qf5 Rxe3
29. Qxf3 Rxf3 30. Re7 Rd3 31. Rde1 Bxd5 32. Re8+ Rxe8 33. Rxe8+ Kh7 34. Kf2
Rd2+ 35. Ke3 Rxa2 36. h4 a5 37. Kd4 Bg2 38. Kc5 a4 39. Kxb5 a3 40. Kxc4 Rd2 0-1

[Event "Tournoi d'Hiver de Plaisance du Touch"]
[Site "?"]
[Date "2024.01.07"]
[Round "6.20"]
[White "Pages, Philippe"]
[Black "Gaben Brulard, Hugo"]
[Result "1-0"]
[WhiteElo "1073"]
[BlackElo "1099"]
[PlyCount "63"]
[SourceVersionDate "2024.01.24"]

{[%evp 0,12,29,-11,-17,-17,-17,-64,-33,-34,37,3,53,22,90]} 1. c4 e5 2. Nc3 Nc6
3. e4 Nf6 4. Nf3 d6 5. h3 Be6 6. d4 Ne7 7. d5 Bc8 8. Bg5 h6 9. Bxf6 gxf6 10.
Qa4+ Bd7 11. Qb3 Rb8 12. a4 c6 13. Qa3 Ng6 14. g3 c5 15. Bg2 Qa5 16. O-O f5 17.
Nd2 f4 18. Nb3 Qc7 19. Nb5 Bxb5 20. axb5 Ra8 21. Qa4 b6 22. h4 h5 23. Bh3 Ne7
24. Na5 Rg8 25. Kh2 Bh6 26. Nc6 fxg3+ 27. fxg3 Be3 28. Kg2 Rg6 29. Qd1 Rh6 30.
Qf3 Bf4 31. Kh1 Ng8 32. gxf4 1-0